| 000 | 00530cab a22001815a 4500 | ||
|---|---|---|---|
| 001 | L157943 | ||
| 008 | 130731e2013 xxk 000 0 eng d | ||
| 035 | _a(Sirsi) u157943 | ||
| 041 | 0 | _aeng | |
| 100 | 1 | _aGardiner, Joey | |
| 245 | 0 | 0 | _aShould you believe the hype? |
| 260 | _c2013 | ||
| 490 |
_aBuilding _v(278) 5 July 2013, 20-22(3) |
||
| 520 | _aExamines the government's claims on construction and infrastructure spending from 2015 | ||
| 650 | 2 | 4 | _aINFRASTRUCTURE, CONSTRUCTION |
| 651 | 4 |
_aUnited Kingdom _y |
|
| 942 | _n0 | ||
| 999 |
_c84496 _d84496 |
||